suomirock artististit aloitusvuoden mukaan - Statistics

General Stats
  • This quiz has been taken 95 times
  • The average score is 10 of 47
Answer Stats
# Year kotipaikka artisti % Correct
1 1976 ylöjärvi eppu normaali
77%
14 1977 tampere popeda
71%
13 1981 pori / tampere
58%
3 1991 heinola apulanta
57%
2 1982 - dingo
52%
4 1996 kitee nightwish
51%
20 1991 helsinki HIM
41%
27 2006 helsinki haloo helsinki
40%
5 1988 vaasa klamydia
40%
33 1970 tampere juice
36%
7 1971 helsinki hurriganes
30%
28 1979 helsinki hanoi rocks
29%
22 1993 espoo children of bodom
27%
34 1982 joensuu neljä ruusua
25%
12 1991 lahti tehosekoitin
25%
29 2001 helsinki happoradio
24%
30 1979 joensuu hassisen kone
24%
44 1982 alavus kolmas nainen
24%
18 2002 - PMMP
19%
25 1994 - the rasmus
19%
10 1992 turku zen cafe
19%
46 1996 kouvola viikate
18%
17 1996 Lemi, etelä-karjala stamina
16%
45 1990 helsinki amorphis
14%
23 1985 tornio cmx
14%
40 1996 lappenranta mokoma
14%
42 1996 kemi sonata arctica
14%
26 1993 - egotrippi
13%
35 1990 helsinki maija vilkkkumaa
12%
41 1986 jyväskylä miljoonasade
12%
15 2003 - turmion kätilöt
11%
39 1989 helsinki don huonot
10%
19 2001 helsinki indica
10%
11 1991 helsinki j karjalainen
10%
8 1999 hämeenkyrö/ tampere uniklubi
10%
21 1965 helsinki Hector
8%
6 1974 lahti sleepy sleepers
8%
32 2002 helsinki sunrise avenue
8%
24 1998 - tiktak
8%
37 1997 tampere negative
7%
31 1988 muhos sentenced
6%
9 2002 pirkanmaa teräsbetoni
6%
47 1991 rovaniemi absoluuttinen nollapiste
4%
36 2001 tampere lovex
4%
43 1993 lahti korpiklaani
2%
38 1987 helsinki kingston wall
0%
16 1977 helsinki tuomari nurmio
0%
No matching quizzes found
Score Distribution
Percent of People with Each Score
Percentile by Number Answered
Your Score History
You have not taken this quiz